Modern India and the Indians: being a series of impressions, notes, and essays (Record no. 374347)

000 -LEADER
fixed length control field 00429cam a22001337a 4500
008 - FIXED-LENGTH DATA ELEMENTS--GENERAL INFORMATION
fixed length control field 180718b1891 xxu||||| |||| 00| 0 eng d
082 ## - DEWEY DECIMAL CLASSIFICATION NUMBER
Classification number B19x54 M748
100 ## - MAIN ENTRY--PERSONAL NAME
Personal name Monier-Williems, Monier
245 ## - TITLE STATEMENT
Title Modern India and the Indians: being a series of impressions, notes, and essays
Statement of responsibility, etc. by Monier Monier-Williems
250 ## - EDITION STATEMENT
Edition statement 5th ed.
260 ## - PUBLICATION, DISTRIBUTION, ETC.
Place of publication, distribution, etc. London
Name of publisher, distributor, etc. Kegan, Paul
Date of publication, distribution, etc. 1891
300 ## - PHYSICAL DESCRIPTION
Extent 377p.
650 ## - SUBJECT ADDED ENTRY--TOPICAL TERM
Topical term or geographic name entry element India - Social conditions
Holdings
Withdrawn status Lost status Damaged status Not for loan Permanent Location Current Location Date acquired Full call number Barcode Date last seen Price effective from Koha item type
        Indian Institute of Public Administration Indian Institute of Public Administration 1994-06-27 B19x54 M748 13291 2018-07-21 2018-07-21 Book

Powered by Koha